INDIAN SOCIETY AND EDUCATION IN 2010 (Record no. 11687)

MARC details
000 -LEADER
fixed length control field 00313nam a22001457a 4500
003 - CONTROL NUMBER IDENTIFIER
control field SGT
082 ## - DEWEY DECIMAL CLASSIFICATION NUMBER
Classification number 370
Item number I14R
100 ## - MAIN ENTRY--PERSONAL NAME
Personal name RUHELA, S.P.
245 ## - TITLE STATEMENT
Title INDIAN SOCIETY AND EDUCATION IN 2010
250 ## - EDITION STATEMENT
Edition statement 2ND
260 ## - PUBLICATION, DISTRIBUTION, ETC. (IMPRINT)
Place of publication, distribution, etc NEW DELHI
Name of publisher, distributor, etc INDIAN PUB
Year of Publication 2014
300 ## - PAGE DESCRIPTION
No. of Pages 156
650 ## - SUBJECT ADDED ENTRY--TOPICAL TERM
Topical term or geographic name as entry element EDUCATION
942 ## - ADDED ENTRY ELEMENTS (KOHA)
Source of classification or shelving scheme Dewey Decimal Classification
Koha item type Books
Holdings
Withdrawn status Lost status Source of classification or shelving scheme Damaged status Use restrictions Not for loan Collection code Home library Current library Shelving location Date acquired Vendor Name Cost, normal purchase price SGTU Bill Number Full call number Accession No. (Barcode) Date last seen Bill Date Koha item type Total Checkouts Date last borrowed
    Dewey Decimal Classification   Restricted Access   EDUCATION SGT Engineering Library SGT Engineering Library Reference Book 07/06/2017 ABC PUB 250.00 SGTU 544 370 I14R ED126 07/06/2017 06/02/2016 Books    
    Dewey Decimal Classification       EDUCATION SGT Engineering Library SGT Engineering Library Text Book 07/06/2017 ABC PUB 250.00 SGTU 544 370 I14R ED127 07/06/2017 06/02/2016 Books    
    Dewey Decimal Classification       EDUCATION SGT Engineering Library SGT Engineering Library Text Book 07/06/2017 ABC PUB 250.00 SGTU 544 370 I14R ED128 07/06/2017 06/02/2016 Books    
    Dewey Decimal Classification       EDUCATION SGT Engineering Library SGT Engineering Library Text Book 07/06/2017 ABC PUB 250.00 SGTU 544 370 I14R ED129 25/05/2026 06/02/2016 Books 1 25/05/2026
    Dewey Decimal Classification       EDUCATION SGT Engineering Library SGT Engineering Library Text Book 07/06/2017 ABC PUB 250.00 SGTU 544 370 I14R ED130 07/06/2017 06/02/2016 Books